Finite Mathematics (Record no. 612183)

000 -LEADER
fixed length control field 00422nam a22001457a 4500
020 ## - INTERNATIONAL STANDARD BOOK NUMBER
International Standard Book Number 0471636320
040 ## - CATALOGING SOURCE
Transcribing agency Nust
082 ## - DEWEY DECIMAL CLASSIFICATION NUMBER
Classification number 513.93
Author Mark MIZ'F
100 ## - MAIN ENTRY--PERSONAL NAME
Personal name Mizrahi. Sullivan
9 (RLIN) 126516
245 ## - TITLE STATEMENT
Title Finite Mathematics
Remainder of title With applications for business and social sciences
250 ## - EDITION STATEMENT
Edition statement 5th Edition
260 ## - PUBLICATION, DISTRIBUTION, ETC.
Place of publication, distribution, etc. New York:
Name of publisher, distributor, etc. John Willey and sons Inc,
Date of publication, distribution, etc. 1973.
650 ## - SUBJECT ADDED ENTRY--TOPICAL TERM
Topical term or geographic name entry element Finite Mathematics
9 (RLIN) 33075
942 ## - ADDED ENTRY ELEMENTS (KOHA)
Source of classification or shelving scheme
Koha item type Book
Holdings
Withdrawn status Lost status Source of classification or shelving scheme Damaged status Not for loan Permanent Location Current Location Shelving location Date acquired Total Checkouts Full call number Barcode Date last seen Price effective from Koha item type
          College of Electrical & Mechanical Engineering (CEME) College of Electrical & Mechanical Engineering (CEME) General Stacks 10/28/2024   513.93 MIZ'F CEME- 31120 10/28/2024 10/28/2024 Book
© 2023 Central Library, National University of Sciences and Technology. All Rights Reserved.